000 00271nam a2200133Ia 4500
100 _aKumbhojkar/G.v
650 _aMathematics
942 _cBK
245 _aApplied Mathematics I
260 _bC.Jamnadas&co.
_c2009
082 _bKUM
546 _aENGLISH
999 _c18705
_d18705